| 000 | 00342nam a22001337a 4500 | ||
|---|---|---|---|
| 008 | 170905b xxu||||| |||| 00| 0 eng d | ||
| 020 | _ax0003bzplv | ||
| 041 | _aeng | ||
| 080 | _a070 | ||
| 100 | _a40 | ||
| 101 | _aMED | ||
| 245 |
_aAPPLIED COMMUNICATION THEORY A GUIDE FOR MEDIA PRACTITIONS _cROSENBERRY.J |
||
| 942 |
_2udc _cBK |
||
| 999 |
_c26122 _d26122 |
||